00000000nam 2200000zi 4500
0019.940058
003CaOODSP
00520251031142449
006m     o  d f      
007cr cn ||||||||
008240702t20242024oncdb   ob   f000 0 eng d
020 |a9780660725987
040 |aCaOODSP|beng|erda|cCaOODSP
043 |an-cn---
0861 |aM183-2/9191E-PDF
1001 |aKessel, E. D., |eauthor.
24510|aCanada1Water classification of the National Hydro Network : |bstream order and graph refinement / |cE.D. Kessel, S.K. Frey, and H.A.J. Russell.
2463 |aCanada 1 Water classification of the National Hydro Network
264 1|a[Ottawa] : |bGeological Survey of Canada, |c2024.
264 4|c©2024
300 |a1 online resource (13 pages) : |bcharts, maps.
336 |atext|btxt|2rdacontent
337 |acomputer|bc|2rdamedia
338 |aonline resource|bcr|2rdacarrier
4901 |aOpen file, |x2816-7155 ; |v9191
504 |aIncludes bibliographical references (page 13).
520 |a"This report documents the processes completed to upgrade the topological and graph network support for NHN and provide continuous connectivity with US datasets. It also highlights and corrects a number of stream density and stream order issues that occur within Canada across provincial and territorial borders and NTS tiles"--Abstract, page 1.
650 0|aHydrologic models|zCanada.
650 0|aRivers|xClassification.
650 6|aModèles hydrologiques|zCanada.
650 6|aCours d'eau|xClassification.
7102 |aGeological Survey of Canada, |eissuing body.
830#0|aOpen file (Geological Survey of Canada)|x2816-7155 ; |v9191.|w(CaOODSP)9.506878
85640|qPDF|s9.58 MB|uhttps://publications.gc.ca/collections/collection_2025/rncan-nrcan/m183-2/M183-2-9191-eng.pdf
8564 |qHTML|sN/A|uhttps://doi.org/10.4095/pyc51h1rm4